| 000 | 00789nam a2200217Ia 4500 | ||
|---|---|---|---|
| 008 | 0000001991 sp a 0000000000spa00 | ||
| 020 | _a8460410188 | ||
| 090 | _aPSP00 F71f1 | ||
| 100 | 1 |
_aFradogo _d1948 |
|
| 245 | 1 | 0 |
_aFragodo _b: dones, mujeres, women _c/ traducción John Martin ; fotografías Toni Bofill |
| 300 |
_a[48] p. _c/ 28 |
||
| 500 | _aTexto bilingue : español inglés \ Con el patronazgo del maestro venezolano Jesús Rafael Soto (q.e.p.d.) \ | ||
| 600 | 0 | 0 |
_aFRADOGO, 1948/ _xTRABAJOS PICTORICOS |
| 650 | 1 | 4 | _aARTE CONTEMPORANEO ESPAÑOL |
| 650 | 1 | 4 | _xCATALOGOS |
| 650 | 1 | 4 | _xEXPOSICIONES |
| 650 | 1 | 4 | _aPINTORES ESPAÑOLES |
| 650 | 1 | 4 | _aPINTURA ESPAÑOLA |
| 700 | 1 | _aMartin, John, tr. \ Bofill, Tony | |
| 999 |
_c5395 _d5395 |
||
| 260 |
_aBarcelona : Lemia Art _c1991 |
||